00997cam a2200241 a 450000100100000000500170001000800410002704000360006808200150010410000310011924501270015026000340027730000320031150000250034350400550036860000430042360000420046660000470050865000300055591000340058595201190061999900170073800001584920200929164157.0000301s1999 pr a b 000 0 spa d aDO-SdBNPbspacPrRUdDLCdBNPHU a109bS718d1 aSoto Rivera, Ruben.93566410aDe Parmenides a Demonacte :bhilos de una urdimbre textual : para una nueva historia de la filosofia /cRuben Soto Rivera. aPuerto Rico :b[s.n.],c1999. aiv, 234 p. :bil. ;c21 cm. aDatos de la cubierta aIncluye referencias bibliográficas: (p. 220-234)14aSOCRATESd470 a. C. - 399 a. C.93566514aPLATÓNd427 a. C. - 347 a. C93566614aPARMÉNIDESd540 a. C. - 470 a. C.935667 4aFilosofía antigua91215 aCatalogación por copia / LC 001054708MOaGRbGRcCTd2010-02-19iLF1l0o109 S718dp15849-10r2020-06-25w2020-06-25y4ZPréstamo en sala c15393d15393